Chargement en cours...

Indian rupee in a maelstrom

Détails bibliographiques
Auteur principal: Taneja, S K
Format: Printed Book
Langue:Undetermined
English
Publié: New Delhi Sterling Publishers Pvt Ltd 1968
Sujets:
LEADER 00523nam a2200157Ia 4500
008 140306s9999 xx 000 0 und d
041 |a eng 
082 |a 332  |b TAN/IN 
100 |a Taneja, S K 
245 |a Indian rupee in a maelstrom 
260 |a New Delhi  |b Sterling Publishers Pvt Ltd  |c 1968 
650 |a Financial Economics 
650 |a Money 
942 |2 ddc  |c BK 
999 |c 119135  |d 119135 
952 |0 0  |1 0  |2 ddc  |4 0  |6 332_000000000000000_TANIN  |7 0  |9 118218  |a KAUHCV  |b KAUHCV  |d 2004-05-05  |o 332 TAN/IN  |p KAU_HCV-13255  |r 2014-03-22  |w 2014-03-22  |y BK